| 000 | 00724nam a2200289Ia 4500 | ||
|---|---|---|---|
| 008 | 170203s9999 xx 000 0 und d | ||
| 020 | _a9780439912488 | ||
| 050 | _aFic | ||
| 050 | _bB171m | ||
| 245 | _aMahoney's magic / | ||
| 245 | _cby Mariah Balaban. | ||
| 260 | _aNew York : | ||
| 260 | _bScholastic. | ||
| 260 | _c2007 | ||
| 300 | _a1 volume (unpaged) : | ||
| 300 | _bcolor illustrations ; | ||
| 300 | _c21 cm. | ||
| 440 | _aMr. Magorium's Wonder Emporium. | ||
| 650 | _aMagic -- | ||
| 650 | _aSelf-confidence -- | ||
| 650 | _aSpecialty stores -- | ||
| 650 | _aToy stores -- | ||
| 650 | _xFiction. | ||
| 650 | _xFiction. | ||
| 650 | _xJuvenile fiction. | ||
| 650 | _xJuvenile fiction. | ||
| 999 |
_c306381 _d306381 |
||